Dirección de personal y recursos humanos
Saved in:
| Main Authors: | , |
|---|---|
| Format: | Bog |
| Sprog: | spansk |
| Udgivet: |
Ciudad de México
McGraw-Hill
1982
|
| Fag: | |
| Tags: |
Tilføj Tag
Ingen Tags, Vær først til at tagge denne postø!
|
MARC
| LEADER | 00000nam a2200000 a 4500 | ||
|---|---|---|---|
| 001 | UCQ1797 | ||
| 003 | CL-VaPUC | ||
| 008 | 980721e19820000MX |||||||||||||||||spa|d | ||
| 082 | 0 | 4 | |a 658.3 |b WER |2 21 |
| 100 | 0 | |a Werther, William B |e author |9 415628 | |
| 700 | 0 | |a Davis, Keith |e author |9 415629 | |
| 245 | 1 | 0 | |a Dirección de personal y recursos humanos |
| 300 | |a 558 p | ||
| 942 | |c BK | ||
| 945 | |d 19980721 00:00:00 |a cmena | ||
| 260 | |a Ciudad de México |b McGraw-Hill |c 1982 | ||
| 650 | 0 | |a Administración del personal |9 260442 | |
| 650 | 0 | |a Recursos humanos |9 228420 | |
| 650 | 0 | |a Relaciones laborales |9 335971 | |
| 650 | 7 | |a ESTRUCTURA ADMINISTRATIVA |2 CL-VaPUC |9 268757 | |
| 650 | 0 | |a Psicología industrial |9 271739 | |
| 583 | |a last modification |c 20160426 01:21:54 |k Rodrigo Vera | ||
| 999 | |c 272641 |d 272639 | ||
| 952 | |0 0 |1 0 |4 0 |6 658_300000000000000_WER_1982 |7 0 |8 P |9 307757 |a BIBGIM |b BIBGIM |d 2019-11-20 |i 1441175 |o 658.3 WER 1982 |p 1441175 |r 2025-01-15 |w 2019-11-20 |y BK |k SSL | ||